000 02185nam a2200541 a 4500
005 20231212100551.0
008 100504s2010||||sp a f |||| 001 0 spa d
020 _a9788428215077
041 _aspa
092 _c574.8
_l7
_sBIO
245 _aBiología molecular de la célula /
_cBruce Alberts
250 _a5a ed. en español de la obra original en ingles
_bTraducción Mercé Durfort i Coll ; Miquel Llobera i Sande
260 _aBarcelona:
_bOmega;
_c2010.
300 _a1602 p.
_bil.
500 _aAlberts, B. et al. (2010). Biología molecular de la célula. (5a ed.). Barcelona : Omega.
653 _aCaracteristicas universales de las células en la tierra
653 _aQuímica celular y biosíntesis
653 _aProteínas
653 _aDNA, cromosomas y genomas
653 _aReplicación, reparación y recombinación del DNA
653 _aDNA a la proteína
653 _aControl de la expresión génica
653 _aManipulación de proteínas, DNA y RNA
653 _aObservar las celulas
653 _aEstructura de la membrana
653 _aTransporte de moléculas pequeñas a través de la membrana y las propiedades eléctricas de las membranas
653 _aCompartimientos intracelulares y clasificación de proteínas
653 _aTráfico vesicular intracelular
653 _aConversión energética: mitocondrias y cloroplastos
653 _aMecanismos de comunicación celular
653 _aCitoesqueleto
653 _aCiclo celular
653 _aApoptosis
653 _aUniones celulares, adhesión celular y matrix extracelular
653 _aCáncer
653 _aReproducción sexual: meiosis, células germinales y fecundación
653 _aDesarrollo de los organismos pluricelulares
653 _aTejidos especializados, las células madre y la renovación tisular
653 _aPatógenos, infección e inmunidad innata
653 _aSistema de inmunidad adquirida
700 1 _aAlberts, Bruce
_98
700 1 _aJohnson, Alexander
_911
700 1 _aLewis, Julian.
_912
700 1 _aRaff, Martin.
_913
700 1 _aRoberts, Keith.
_914
700 1 _aWalter, Peter
_915
942 _2ddc
_cBK
999 _c2099
_d2099